[Event "BUL-ch sf"]
[Site "Sofia"]
[Date "1992.??.??"]
[Round "2"]
[White "Arnaudov, Petar"]
[Black "Panchev, Pavel"]
[Result "1/2-1/2"]
[WhiteElo "2270"]
[BlackElo "2330"]
[PlyCount "123"]
[EventDate "1992.??.??"]
[EventType "swiss"]
[EventRounds "9"]
[EventCountry "BUL"]
[SourceTitle "EXT 1998"]
[Source "ChessBase"]
[SourceDate "1997.11.17"]
[SourceVersion "1"]
[SourceVersionDate "1997.11.17"]
[SourceQuality "1"]

1. e4 c5 2. Nc3 Nc6 3. g3 g6 4. Bg2 Bg7 5. d3 e6 6. Be3 d6 7. Qd2 Rb8 8. Nf3 b5 9. e5 dxe5 10. Bxc5 Nge7 11. 0-0 0-0 12. Rfe1 Qc7 13. h4 Rd8 14. h5 Nd5 15. hxg6 hxg6 16. Qg5 Nxc3 17. bxc3 Rd5 18. Qe3 Ne7 19. Ba3 Nf5 20. Qc1 Qxc3 21. g4 Nh6 22. Bb2 Qc7 23. Bxe5 Rxe5 24. Nxe5 Bxe5 25. Qxh6 Bxa1 26. Rxa1 Bb7 27. Bxb7 Rxb7 28. Re1 Rb8 29. Re2 Qc3 30. Kg2 Rd8 31. Qf4 Qd4 32. Qxd4 Rxd4 33. Kf3 Ra4 34. c3 Kf8 35. g5 Ke7 36. Ke3 e5 37. d4 Ke6 38. Kd3 Kd6 39. Rxe5 a6 40. Re2 Ra3 41. Rb2 Kd5 42. f3 Kd6 43. Ke4 Rxc3 44. a4 Kc6 45. axb5+ axb5 46. f4 Kb6 47. Ke5 Re3+ 48. Kd5 Rf3 49. Ke4 Rf1 50. d5 Rc1 51. Ke5 Re1+ 52. Kf6 Rf1 53. Kxf7 Rxf4+ 54. Kxg6 Rd4 55. Kf7 Rxd5 56. g6 Rf5+ 57. Ke6 Rg5 58. Kf6 Rg1 59. Rf2 Kc5 60. g7 Kc4 61. Rf4+ Kc3 62. Rf3+ 1/2-1/2

[Event "BUL-ch sf"]
[Site "Sofia"]
[Date "1992.??.??"]
[Round "3"]
[White "Panchev, Pavel"]
[Black "Genov, Petko"]
[Result "1/2-1/2"]
[WhiteElo "2330"]
[BlackElo "2300"]
[PlyCount "27"]
[EventDate "1992.??.??"]
[EventType "swiss"]
[EventRounds "9"]
[EventCountry "BUL"]
[SourceTitle "EXT 1999"]
[Source "ChessBase"]
[SourceDate "1998.11.16"]
[SourceVersion "1"]
[SourceVersionDate "1998.11.16"]
[SourceQuality "1"]

1. e4 c5 2. Nf3 d6 3. d4 cxd4 4. Nxd4 Nf6 5. Nc3 e6 6. Be3 Be7 7. f4 0-0 8. Qf3 e5 9. Nf5 Bxf5 10. exf5 Qa5 11. Bd3 Nc6 12. 0-0 d5 13. fxe5 Nxe5 14. Qf4 1/2-1/2

[Event "Chemnitz"]
[Site "Chemnitz"]
[Date "1990.??.??"]
[Round "?"]
[White "Panchev, Pavel"]
[Black "Mirschinka, Dirk"]
[Result "1/2-1/2"]
[WhiteElo "2365"]
[BlackElo "2200"]
[PlyCount "66"]
[EventDate "1990.??.??"]
[EventType "tourn"]
[EventRounds "11"]
[EventCountry "DDR"]
[EventCategory "4"]
[SourceTitle "CBM 018 Extra"]
[Source "ChessBase"]
[SourceDate "1990.11.01"]
[SourceVersion "1"]
[SourceVersionDate "1990.11.01"]
[SourceQuality "1"]

1. e4 d6 2. d4 Nf6 3. Nc3 c6 4. Nf3 Qa5 5. Bd2 Qb6 6. a4 a5 7. h3 g6 8. Bc4 Bg7 9. Bb3 0-0 10. 0-0 Nfd7 11. Be3 Qc7 12. Qd2 e5 13. dxe5 dxe5 14. Rfd1 Na6 15. Qe2 Ndc5 16. Bc4 Be6 17. Nd2 Qe7 18. Bxe6 Nxe6 19. Nb3 Nac5 20. Nxc5 Nxc5 21. Bxc5 Qxc5 22. Rd3 Rad8 23. Rad1 Rd4 24. b3 Rfd8 25. g3 Bf8 26. Kg2 Qb6 27. Rxd4 Rxd4 28. Rd3 Qd8 29. Rxd4 Qxd4 30. Qd3 Qb4 31. Nd1 Qe1 32. Ne3 Bc5 33. Ng4 h5 1/2-1/2

[Event "Chemnitz"]
[Site "Chemnitz"]
[Date "1990.??.??"]
[Round "?"]
[White "Steudtmann, Christian"]
[Black "Panchev, Pavel"]
[Result "1/2-1/2"]
[WhiteElo "2200"]
[BlackElo "2365"]
[PlyCount "36"]
[EventDate "1990.??.??"]
[EventType "tourn"]
[EventRounds "11"]
[EventCountry "DDR"]
[EventCategory "4"]
[SourceTitle "CBM 018 Extra"]
[Source "ChessBase"]
[SourceDate "1990.11.01"]
[SourceVersion "1"]
[SourceVersionDate "1990.11.01"]
[SourceQuality "1"]

1. d4 Nf6 2. Nf3 g6 3. g3 Bg7 4. Bg2 0-0 5. 0-0 d6 6. Nbd2 Nc6 7. e4 e5 8. dxe5 dxe5 9. c3 Be6 10. Qe2 Nd7 11. b4 h6 12. Nc4 a5 13. b5 Ne7 14. Rd1 Qb8 15. Ne3 Re8 16. c4 c6 17. Ba3 Nc8 18. Rac1 Nf6 1/2-1/2